[Event "DEM U14 2017"]
[Site "Willingen GER"]
[Date "2017.06.05"]
[Round "3"]
[White "Popist, Florian"]
[Black "Kölle, Tobias"]
[Result "0-1"]
[Termination "normal"]
[Board "21"]
[WhiteElo "1820"]
[BlackElo "2069"]
[PlyCount "84"]
[WhiteFideId "16203518"]
[BlackFideId "16207378"]
[EventCountry "GER"]
[EventRounds "9"]
[EventType "swiss"]
[EventDate "2017.06.03"]

1. e4 e5 2. Nf3 Nc6 3. d4 exd4 4. Nxd4 Nf6 5. Nxc6 bxc6 6. e5 Qe7 7. Qe2 Nd5 8.
c4 Ba6 9. Nd2 Nb6 10. b3 Qe6 11. Bb2 Rb8 12. O-O-O g6 13. f4 Bh6 14. g3 O-O 15.
h4 Bg7 16. h5 d5 17. cxd5 Bxe2 18. dxe6 Bxd1 19. exf7+ Rxf7 20. hxg6 hxg6 21.
Kxd1 Rd8 22. Kc2 Rfd7 23. Rh2 Nd5 24. Bc4 Bh8 25. Rxh8+ Kxh8 26. e6+ Rg7 27.
Bxd5 cxd5 28. Nf3 Kg8 29. Bxg7 Kxg7 30. b4 Kf6 31. Nd4 Rh8 32. Nb5 a6 33. Nd4
Rh3 34. Ne2 Kxe6 35. Kd3 Kd6 36. Kd4 Rh2 37. Nc3 Rg2 38. a4 c6 39. b5 axb5 40.
axb5 c5+ 41. Kd3 Rxg3+ 42. Kd2 Rxc3 0-1

[Event "DEM U14 2017"]
[Site "Willingen GER"]
[Date "2017.06.05"]
[Round "3"]
[White "Lohr, Maximilian"]
[Black "Nguyen, Alex Dac-Vuong"]
[Result "0-1"]
[Termination "normal"]
[Board "22"]
[WhiteElo "1767"]
[BlackElo "2051"]
[PlyCount "50"]
[WhiteFideId "12999717"]
[BlackFideId "12984388"]
[EventCountry "GER"]
[EventRounds "9"]
[EventType "swiss"]
[EventDate "2017.06.03"]

1. e4 e6 2. d4 d5 3. Nc3 Nf6 4. e5 Nfd7 5. Nce2 c5 6. c3 Nc6 7. f4 Be7 8. Nf3
O-O 9. a3 cxd4 10. Nexd4 Nc5 11. Qc2 a5 12. Nxc6 bxc6 13. Nd4 Bb7 14. b4 axb4
15. cxb4 Ne4 16. Bb2 c5 17. bxc5 Qa5+ 18. Kd1 Rfc8 19. Nb3 Qa4 20. Bd4 Rab8 21.
Bd3 Ba6 22. Bxa6 Rxb3 23. Bxc8 Qxd4+ 24. Ke2 Re3+ 25. Kf1 Qxa1+ 0-1

[Event "DEM U14 2017"]
[Site "Willingen GER"]
[Date "2017.06.05"]
[Round "3"]
[White "Tham, Minh"]
[Black "Liebold, Aaron"]
[Result "1-0"]
[Termination "normal"]
[Board "23"]
[WhiteElo "1895"]
[BlackElo "1746"]
[PlyCount "75"]
[WhiteFideId "12997323"]
[BlackFideId "12997846"]
[EventCountry "GER"]
[EventRounds "9"]
[EventType "swiss"]
[EventDate "2017.06.03"]

1. e4 c5 2. Nf3 d6 3. d4 cxd4 4. c3 Nf6 5. e5 dxe5 6. Nxe5 Nbd7 7. Qxd4 Nxe5 8.
Qxe5 e6 9. Bb5+ Bd7 10. O-O a6 11. Be2 Be7 12. Rd1 O-O 13. Bf3 Qc8 14. Qg3 Kh8
15. Nd2 Bc6 16. Re1 Rd8 17. Nb3 Bd6 18. Bf4 Qc7 19. Bxd6 Rxd6 20. Bxc6 Qxc6 21.
Rad1 Rad8 22. Nd4 Qb6 23. h3 Qc7 24. Re3 Nd5 25. Red3 Qb6 26. c4 Qxb2 27. cxd5
Rxd5 28. R3d2 Qb6 29. Nf5 Rg8 30. Rxd5 exd5 31. Qd6 Qa5 32. Qxd5 Qc7 33. Qd7
Qa5 34. Qxf7 Qb6 35. Re1 Qc5 36. Nh6 Rf8 37. Qg8+ Rxg8 38. Nf7# 1-0

[Event "DEM U14 2017"]
[Site "Willingen GER"]
[Date "2017.06.05"]
[Round "3"]
[White "Waffenschmidt, Lars"]
[Black "Jeschke, Jan"]
[Result "1-0"]
[Termination "normal"]
[Board "24"]
[WhiteElo "1810"]
[BlackElo "1284"]
[PlyCount "219"]
[WhiteFideId "16244656"]
[BlackFideId "16225430"]
[EventCountry "GER"]
[EventRounds "9"]
[EventType "swiss"]
[EventDate "2017.06.03"]

1. e4 e6 2. d4 d5 3. Nd2 Nf6 4. e5 Nfd7 5. Bd3 c5 6. c3 Nc6 7. Ne2 cxd4 8. cxd4
f6 9. exf6 Nxf6 10. Nf3 Bd6 11. O-O Qc7 12. g3 O-O 13. Bf4 Ng4 14. Bxd6 Qxd6
15. Nc3 e5 16. dxe5 Ncxe5 17. Nxe5 Nxe5 18. Be4 d4 19. f4 Ng4 20. Bd5+ Kh8 21.
Qxd4 Be6 22. Rfd1 Rad8 23. Rd2 Bxd5 24. Nxd5 Nf6 25. Rad1 Nxd5 26. Kh1 Rfe8 27.
Qxd5 Qxd5+ 28. Rxd5 Rxd5 29. Rxd5 Kg8 30. Rd7 Re1+ 31. Kg2 Re2+ 32. Kf3 Rxb2
33. h4 Rxa2 34. Rxb7 h5 35. f5 a5 36. Ra7 Ra4 37. Rc7 Ra2 38. Kf4 Ra3 39. Ra7
a4 40. Ra8+ Kf7 41. Ra7+ Kg8 42. Ke5 Rxg3 43. Rxa4 Re3+ 44. Kf4 Rb3 45. Kg5 Rb5
46. Ra7 Kh7 47. Re7 Kg8 48. Kg6 Rb6+ 49. Re6 Rb8 50. Re7 Rb6+ 51. Kxh5 Rf6 52.
Kg5 Kh7 53. Re6 Rf8 54. h5 Kg8 55. h6 Rf7 56. Re8+ Kh7 57. hxg7 Kxg7 58. Re6
Kg8 59. Rg6+ Rg7 60. Kf6 Kh8 61. Rh6+ Kg8 62. Rh4 Rf7+ 63. Ke6 Rg7 64. Rd4 Rf7
65. Rd8+ Kg7 66. Re8 Rf6+ 67. Ke5 Rf7 68. Re6 Rd7 69. Ra6 Re7+ 70. Kd5 Kf7 71.
Rh6 Rd7+ 72. Ke5 Re7+ 73. Kf4 Kg8 74. Kg5 Rf7 75. Kg6 Rg7+ 76. Kf6 Rf7+ 77. Ke6
Ra7 78. Rg6+ Kf8 79. Kf6 Rf7+ 80. Kg5 Rg7 81. Kh6 Rb7 82. Ra6 Kf7 83. Kg5 Re7
84. Rh6 Re5 85. Rh7+ Kg8 86. Ra7 Re1 87. Kg6 Rg1+ 88. Kf6 Kh8 89. Ra8+ Kh7 90.
Kf7 Rg7+ 91. Ke6 Rb7 92. Re8 Rb6+ 93. Kf7 Rb5 94. f6 Rb7+ 95. Re7 Rb4 96. Ke6+
Kg6 97. Rg7+ Kh6 98. Rd7 Kg6 99. Rd6 Re4+ 100. Kd7 Rf4 101. Ke7 Re4+ 102. Re6
Rf4 103. Re1 Rf2 104. Rg1+ Kh6 105. Rh1+ Kg6 106. Rg1+ Kh6 107. Kf7 Rf3 108.
Ke7 Re3+ 109. Kf8 Rf3 110. f7 1-0